Pencuri yang insaf (Record no. 7388)

MARC details
000 -LEADER
fixed length control field 00724nam a2200265 i 4500
001 - CONTROL NUMBER
control field C2-0066569
003 - CONTROL NUMBER IDENTIFIER
control field PPAK
005 - DATE AND TIME OF LATEST TRANSACTION
control field 20190630222116.0
008 - FIXED-LENGTH DATA ELEMENTS--GENERAL INFORMATION
fixed length control field 970308s1996 my a|||| ||||| | may d
020 ## - INTERNATIONAL STANDARD BOOK NUMBER
International Standard Book Number 9830600262
040 ## - CATALOGING SOURCE
Original cataloging agency PPAK
Language of cataloging eng
Transcribing agency PPAK
Description conventions rda
082 04 - DEWEY DECIMAL CLASSIFICATION NUMBER
Classification number 297
Edition number 23
090 00 - LOCALLY ASSIGNED LC-TYPE CALL NUMBER (OCLC); LOCAL CALL NUMBER (RLIN)
Classification number (OCLC) (R) ; Classification number, CALL (RLIN) (NR) 297
Feature heading AME
Feature heading K
100 0# - MAIN ENTRY--PERSONAL NAME
Personal name Amer Haji Matsom,
Relator term author
245 10 - TITLE STATEMENT
Title Pencuri yang insaf
264 #1 - PRODUCTION, PUBLICATION, DISTRIBUTION, MANUFACTURE, AND COPYRIGHT NOTICE
Place of production, publication, distribution, manufacture Petaling Jaya, Selangor :
Name of producer, publisher, distributor, manufacturer Hasrat Murni ,
Date of production, publication, distribution, manufacture, or copyright notice 1996
300 ## - PHYSICAL DESCRIPTION
Extent 24 pages :
Other physical details illustrations ;
Dimensions 19 cm
336 ## - CONTENT TYPE
Source rdacontent
Content type term text
337 ## - MEDIA TYPE
Source rdamedia
Media type term unmediated
338 ## - CARRIER TYPE
Source rdacarrier
Carrier type term volume
490 1# - SERIES STATEMENT
Series statement Siri teladan Islam
650 10 - SUBJECT ADDED ENTRY--TOPICAL TERM
Topical term or geographic name entry element Islamic stories, Malay
830 #0 - SERIES ADDED ENTRY--UNIFORM TITLE
Uniform title Siri teladan Islam
942 ## - ADDED ENTRY ELEMENTS (KOHA)
-- dc
Koha item type Book
Holdings
Withdrawn Not for loan Current library Shelving location Date acquired Total Checkouts Full call number Barcode Date last seen Date last checked out Koha item type
    Perpustakaan Alor Setar Pinjaman Kanak-kanak 08/03/1997   K 297 AME A00005084 08/05/2018   Book
    Perpustakaan Alor Setar Pinjaman Kanak-kanak 18/05/1999   K 297 AME A00262069 08/05/2018   Book
    Perpustakaan Alor Setar Pinjaman Kanak-kanak 16/09/1997   K 297 AME A00067046 08/05/2018   Book
    Perpustakaan Awam Sungai Petani Pinjaman Kanak-kanak 18/05/1999   K 297 AME A00262070 08/05/2018   Book
    Perpustakaan Awam Sungai Petani Pinjaman Kanak-kanak 18/11/2003   K 297 AME A00400789 08/05/2018   Book
    Perpustakaan Awam Sungai Petani Pinjaman Kanak-kanak 08/03/1997   K 297 AME A00005064 08/05/2018   Book
    Perpustakaan Jitra Pinjaman Kanak-kanak 08/03/1997 1 K 297 AME A00005065 12/07/2023 21/06/2023 Book
    Perpustakaan Jitra Pinjaman Kanak-kanak 11/11/2003   K 297 AME A00826079 08/05/2018   Book
    Perpustakaan Jitra Pinjaman Kanak-kanak 18/05/1999   K 297 AME A00262071 08/05/2018   Book
    Perpustakaan Kuala Nerang Pinjaman Kanak-kanak 08/03/1997   K 297 AME A00005079 08/05/2018   Book
    Perpustakaan Kulim Pinjaman Kanak-kanak 08/03/1997   K 297 AME A00005067 08/05/2018   Book
    Perpustakaan Sik Pinjaman Kanak-kanak 08/03/1997   K 297 AME A00005074 08/05/2018   Book
    Perpustakaan Yan Pinjaman Kanak-kanak 18/05/1999   K 297 AME A00262073 08/05/2018   Book
    Bergerak 1, Alor Setar Pinjaman Kanak-kanak 18/05/1999   K 297 AME A00262074 08/05/2018   Book
    Bergerak 4, Sungai Petani Pinjaman Kanak-kanak 08/03/1997   K 297 AME A00005069 08/05/2018   Book
    Bergerak 5, Kulim Pinjaman Kanak-kanak 08/03/1997   K 297 AME A00005070 08/05/2018   Book
    Bergerak 5, Kulim Pinjaman Kanak-kanak 08/03/1997   K 297 AME A00005072 08/05/2018   Book
    PD02, Kg. Banggol Besi, Pendang Pinjaman Kanak-kanak 08/03/1997   K 297 AME A00005077 08/05/2018   Book
    PD03, Kg. Pulau Pisang, Jitra Pinjaman Kanak-kanak 08/03/1997   K 297 AME A00005078 08/05/2018   Book
    PD07, Kg. Jelutong, Sik Pinjaman Kanak-kanak 08/03/1997   K 297 AME A00005082 08/05/2018   Book
    PD08, Felda Gunung Bongsu, Kulim Pinjaman Kanak-kanak 08/03/1997   K 297 AME A00005083 08/05/2018   Book
    PD30, Bandar Baru Beris Jaya, Sik Pinjaman Kanak-kanak 08/03/1997   K 297 AME A00005081 08/05/2018   Book